000 00719nam a22002177a 4500
005 20210325173306.0
008 s2516 th tha d
041 _atha
050 _aE185.96 บ4
100 0 _aทักษิณา สวนานนท์, ผู้แปล
245 1 0 _aนักการเมืองผิวดำ
246 _aBlack politicans
260 3 _bแพร่พิทยา,
_c2516
300 _a181 หน้า
650 0 4 _aนักการเมือง -- ชีวประวัติ
700 0 _aทักษิณา สวนานนท์, ผู้แปล
850 _aNALT
942 _cGB
997 _c000000000001011
998 _aNarumon Suwan
999 _c1011
_d1011